000 01152nam a2200313 4500
001 0000023981
003 CO-CtgCURN
005 20250331184432.0
007 ta
008 160627s2014 000 0 eng d
020 _a9789587670929
040 _aCO-CtgCURN
_bspa
_ccoctgcurn
082 0 _a344.01
_bC718col
110 2 _aColombia.
245 1 0 _aCódigo sustantivo del trabajo y Código procesal del trabajo y de la seguridad social.
250 _a33a ed.
260 _aBogotá :
_bLegis,
_c2014.
300 _a1053 p.
336 _2rdacontent
337 _2rdamedia
_asin mediacion
_bn
338 _2rdacarrier
_avolumen
_bnc
490 1 _aCódigos basicos
500 _aIncluye suplemento e indices.
505 8 _aDerecho individual del trabajo -- Derecho colectivo del trabajo -- Regimen de subsidio familiar, protección social, subsidio familiar y generacion de empleo -- Código procesal del trabajo y de la seguridad social
650 1 4 _aDerecho laboral
_vLegislacion
_zColombia.
908 _a160627
942 _cBK
_h344.01
_iC718col
_2ddc
999 _c19564
_d19564